00711nam a2200193Ia 4500003000900000008004100009020001800050040001600068080002100084100002300105245011500128260005800243300002300301650002600324650001700350942000700367999001700374952012600391IN-BaIIA211028s9999 xx 000 0 eng d a1-886733-13-9 cIIA Library a082.2:52bASP-92 aMorrison, H920914 0aFormation of the galactic halo....inside and outcH. Morrison  aCaliforniabAstronomical Society of the Pacificc1996 a[various pagings.] aGalactic halos920038 aHalos911995 cBK c12025d12025 00104070aBANbBANcGENd1997-01-30g902.50l0o082.2:52/ ASP-92p12941r2021-11-05v902.50w1997-01-30yBKGRs. 902.50